Survey of London volume 17 (Record no. 104061)
[ view plain ]
| 000 -LEADER | |
|---|---|
| fixed length control field | 01187cam a2200241 4500 |
| 001 - CONTROL NUMBER | |
| control field | J128973 |
| 008 - FIXED-LENGTH DATA ELEMENTS--GENERAL INFORMATION | |
| fixed length control field | 050307n1936 000 0 eng u |
| 035 ## - SYSTEM CONTROL NUMBER | |
| System control number | (Sirsi) u128973 |
| 041 ## - LANGUAGE CODE | |
| Language code of text/sound track or separate title | eng |
| 050 ## - LIBRARY OF CONGRESS CALL NUMBER | |
| Classification number | 720 |
| -- | 18 |
| 100 ## - MAIN ENTRY--PERSONAL NAME | |
| Personal name | Lovell, Percy W. |
| 245 ## - TITLE STATEMENT | |
| Title | Survey of London volume 17 |
| Remainder of title | the village of Highgate |
| -- | the parish of St Pancras part one |
| 260 ## - PUBLICATION, DISTRIBUTION, ETC. | |
| Place of publication, distribution, etc. | London |
| Name of publisher, distributor, etc. | Country Life |
| Date of publication, distribution, etc. | 1936 |
| 300 ## - PHYSICAL DESCRIPTION | |
| Extent | xix, 170p. |
| Other physical details | ill. |
| Dimensions | 30cm. |
| 490 ## - SERIES STATEMENT | |
| Series statement | Survey of London Main Series |
| Volume/sequential designation | 17 |
| 520 ## - SUMMARY, ETC. | |
| Summary, etc. | This volume of the "Survey of London", English Heritage's detailed architectural and topographical study, describes buildings in Highgate (many which have been demolished or rebuilt), explaining how they came into being and outlining their significance and historical associations. This earlier volume is highly selective and includes few buildings erected after 1800. Includes photographs and maps together with plans, sections and elevations of selected buildings. |
| 590 ## - LOCAL NOTE (RLIN) | |
| Local note | SOL |
| 690 ## - LOCAL SUBJECT ADDED ENTRY--TOPICAL TERM (OCLC, RLIN) | |
| Topical term or geographic name as entry element | BUILT ENVIRONMENT-CONSTRUCTION DESIGN |
| 700 ## - ADDED ENTRY--PERSONAL NAME | |
| Personal name | Marcham, William M. |
| 700 ## - ADDED ENTRY--PERSONAL NAME | |
| Personal name | Gater, George |
| Titles and other words associated with a name | Sir |
| International Standard Serial Number | General Editor |
| 700 ## - ADDED ENTRY--PERSONAL NAME | |
| Personal name | Godfrey, Walter H. |
| International Standard Serial Number | General Editor |
| 942 ## - ADDED ENTRY ELEMENTS (KOHA) | |
| Suppress in OPAC | 0 |
| Withdrawn status | Lost status | Source of classification or shelving scheme | Damaged status | Not for loan | Home library | Current library | Shelving location | Date acquired | Total Checkouts | Full call number | Barcode | Date last seen | Copy number | Price effective from | Koha item type |
|---|---|---|---|---|---|---|---|---|---|---|---|---|---|---|---|
| Dewey Decimal Classification | London | London | Basement | 07/03/2005 | SHELF 135 | 30062554 | 06/08/2019 | 1 | 06/08/2019 | Reference material |